000 00351nam a2200133Ia 4500
005 20251222153647.0
008 251222s9999||||xx |||||||||||||| ||spa||
020 _a978-612-4030-06-2
082 _a869.009/P89
100 _aD'Angelo, Biagio
245 0 _aTransgresiones y Tradiciones en la Literatura
264 _bFondo Editorial UCSS
942 _cLIB
999 _c32970
_d32970